[Event "Ille et Vilaine-ch 1112"]
[Site "Ile et Vilaine"]
[Date "2012.10.??"]
[Round "7.23"]
[White "Pineau, Gerard"]
[Black "Duquesne, Yvonne"]
[Result "0-1"]
[WhiteElo "1499"]
[BlackElo "1499"]
[PlyCount "154"]
[EventDate "2012.10.??"]
[EventType "swiss"]
[EventRounds "7"]
[EventCountry "FRA"]
[SourceTitle "EXT 2014"]
[Source "ChessBase"]
[SourceDate "2013.11.20"]
[SourceVersion "1"]
[SourceVersionDate "2013.11.20"]
[SourceQuality "1"]

1. d4 d5 2. Nf3 Nc6 3. Bf4 Nf6 4. e3 a5 5. Be2 h6 6. Nc3 g5 7. Bg3 e6 8. Qd2 Bb4 9. a3 Ne4 10. Qd3 Bd6 11. Be5 Rg8 12. Nb5 f6 13. Bxd6 cxd6 14. Nd2 f5 15. f3 Nxd2 16. Qxd2 g4 17. f4 h5 18. g3 h4 19. a4 Rh8 20. c4 b6 21. Rc1 Nb4 22. Qc3 Na2 23. Qc2 Nxc1 24. cxd5 exd5 25. Qc6+ Bd7 26. Nxd6+ Ke7 27. Qxd5 Be6 28. Nxf5+ Bxf5 29. Qxf5 Rg8 30. Bc4 Qd7 31. Qe5+ Kf8 32. Qf6+ Ke8 33. Bxg8 Qe7 34. Qc6+ Kf8 35. Qxa8+ Qe8 36. Qd5 Nd3+ 37. Kd2 Nb4 38. Qf5+ Ke7 39. Qe6+ Kf8 40. Bf7 Qxf7 41. Qxf7+ Kxf7 42. Rc1 Nd5 43. e4 hxg3 44. hxg3 Nf6 45. f5 Nxe4+ 46. Kd3 Nxg3 47. Rc7+ Kf6 48. d5 Nxf5 49. Rc6+ Ke5 50. Kc4 Nd6+ 51. Kd3 g3 52. Rc1 Kxd5 53. Rg1 Nf5 54. Ke2 Ke4 55. Re1 Nd4+ 56. Kf1+ Kf3 57. Kg1 Ne2+ 58. Kh1 g2+ 59. Kh2 g1Q+ 60. Rxg1 Nxg1 61. Kxg1 Ke3 62. Kf1 Kd2 63. b3 Kc3 64. Ke1 Kxb3 65. Kd1 Kxa4 66. Kc1 Kb3 67. Kb1 a4 68. Ka1 b5 69. Kb1 a3 70. Ka1 b4 71. Kb1 Kc3 72. Ka2 Kc2 73. Ka1 a2 74. Kxa2 b3+ 75. Ka1 b2+ 76. Ka2 b1Q+ 77. Ka3 Qb3# 0-1

[Event "Ille et Vilaine-ch 1112"]
[Site "Ile et Vilaine"]
[Date "2012.01.21"]
[Round "4.17"]
[White "Joyeux, Gerard"]
[Black "Pineau, Gerard"]
[Result "1-0"]
[WhiteElo "1614"]
[BlackElo "1499"]
[PlyCount "67"]
[EventDate "2012.10.??"]
[EventType "swiss"]
[EventRounds "7"]
[EventCountry "FRA"]
[SourceTitle "EXT 2014"]
[Source "ChessBase"]
[SourceDate "2013.11.20"]
[SourceVersion "1"]
[SourceVersionDate "2013.11.20"]
[SourceQuality "1"]

1. d4 d5 2. Nc3 Nf6 3. e4 dxe4 4. f3 g6 5. fxe4 Bg7 6. Bg5 Nc6 7. Bb5 0-0 8. Bxc6 Bg4 9. Qd2 bxc6 10. h3 Be6 11. Nf3 Nd7 12. Bh6 Nb6 13. Bxg7 Kxg7 14. b3 Qd6 15. e5 Qa3 16. 0-0 Nd5 17. Ne4 Qb4 18. c3 Qa5 19. b4 Qa3 20. Rfb1 Bf5 21. Rb3 Qa6 22. Nc5 Qc8 23. Rf1 h6 24. Nh4 Bxh3 25. gxh3 Qxh3 26. Ng2 g5 27. c4 Qh4 28. Nxh4 Nf4 29. Rxf4 gxf4 30. Qxf4 Rg8 31. Kh2 Rad8 32. Nf5+ Kg6 33. Rg3+ Kh7 34. Qxh6# 1-0